000 00907nam a22002055i 4500
001 167529
003 ES-MaACL
005 20231227150221.0
008 991018s1884 sp |||| | spa d
040 _aCCPB | B
_bspa
_cCCPB | B
100 1 _aVilanova y Piera, Juan,
_d1821-1893
_9114785
245 1 4 _aLos congresos científicos de Chalons, Berna, París, Lisboa y Argel /
_cdescritos por Juan Vilanova y Piera.
260 _aMadrid :
_b[s.n.],
_c1884 (
_fImprenta del Colegio Nacional de Sordo-Mudos y de Ciegos)
300 _aVIII, 438 p., [1] h. pleg. ;
_c23 cm.
650 4 _aCiencias naturales-
_vCongresos y asambleas.
_9147507
852 _aES-MaACL
_jC-3213
_z-- Rúst.
852 _aES-MaACL
_jF-12902
_z-- Enc. hol.
856 _uhttp://bibliotecadigitalhispanica.bne.es:80/webclient/DeliveryManager?pid=1627621&custom_att_2=simple_viewer
_zIr a la página
999 _c167529
_d167529